Mistrzowie Polski w piłce nożnej - Statystyki

Ogólne statystyki
  • Ten quiz został rozwiązany 45 razy
  • Średni wynik to 15 z 20
Statystyki odpowiedzi
Hint Odpowiedź % Poprawnych
8 Lech Poznań
100%
15 Legia Warszawa
100%
13 Wisła Kraków
95%
1 Jagiellonia Białystok
93%
14 Ruch Chorzów
93%
2 Śląsk Wrocław
90%
5 Cracovia
86%
2 Polonia Warszawa
83%
1 Raków Częstochowa
83%
14 Górnik Zabrze
81%
2 ŁKS Łódź
74%
2 Polonia Bytom
74%
4 Widzew Łódź
74%
2 Stal Mielec
69%
2 Zagłębie Lubin
69%
1 Piast Gliwice
64%
2 Warta Poznań
64%
1 Szombierki Bytom
55%
4 Pogoń Lwów
48%
1 Garbarnia Kraków
33%
Nie znaleziono quizów pasujących do podanych kryteriów
Rozkład punktacji
Procent ludzi z każdym wynikiem
Percentyl według liczby udzielonych odpowiedzi
Twoja historia wyników
Nie rozwiązałeś tego quizu